000 00623nam a2200205Ia 4500
005 20250923144437.0
008 008 250917s9999 xx 000 0 eng d
037 _aTextual
040 _aDSWL
_beng
_cDSWL
041 _aeng
_2eng
084 _aS15-25, G7
_qDSWL
100 _aShuttleworth, F.K.
_9824949
245 0 _aSexual maturation and the physical growth of girls age six to nineteen
_cby F.K. Shuttleworth
260 _aWashington,D.C.
_bNat. Res Council
_c1937
300 _a253 p.
365 _aINR
_b14
925 _g14
942 _cTEXL
_hS15-25, G7
999 _c1438946
_d1438946